000
00272nam a2200109Ia 4500
008
190914s9999||||xx |||||||||||||| ||und||
100
_a
Bretscher,Otto
245
0
_a
Linear Algebra With Application
260
_a
New Delhi
_b
Bantam Books
_c
2000
300
_a
813
942
_c
BK
999
_c
9086
_d
9086